Nicolás Soria (1882-1933) (Record no. 145291)

MARC details
000 -LEADER
campo de control de longitud fija 00594nam a2200169 4500
001 - NÚMERO DE CONTROL
campo de control 145291
003 - IDENTIFICADOR DE NÚMERO DE CONTROL
campo de control ES-MaACL
005 - FECHA Y HORA DE LA ÚLTIMA TRANSACCIÓN
campo de control 20230906201213.0
007 - CAMPO FIJO DE DESCRIPCIÓN FÍSICA--INFORMACIÓN GENERAL
campo de control de longitud fija t|
008 - DATOS DE LONGITUD FIJA--INFORMACIÓN GENERAL
campo de control de longitud fija 070214s1983 sp r ||||1| spa d
100 1# - ENTRADA PRINCIPAL--NOMBRE DE PERSONA
Nombre de persona Soria, Nicolás.
9 (RLIN) 107359
245 10 - MENCIÓN DEL TÍTULO
Título Nicolás Soria (1882-1933)
Resto del título : exposición antológica : Museo de Bellas Artes de Asturias, febrero 1983.
260 ## - PUBLICACIÓN, DISTRIBUCIÓN, ETC.
Lugar de publicación, distribución, etc. [Oviedo] :
Nombre del editor, distribuidor, etc. Museo de Bellas Artes de Asturias,
Fecha de publicación, distribución, etc. 1983 (
Fabricante Imp. Mercantil)
300 ## - DESCRIPCIÓN FÍSICA
Extensión 33 h. con lám. ;
Dimensiones 25 cm.
710 2# - ENTRADA AGREGADA--NOMBRE DE ENTIDAD CORPORATIVA
Nombre de entidad corporativa o nombre de jurisdicción como elemento de entrada Museo de Bellas Artes de Asturias.
9 (RLIN) 5843
852 ## - LOCALIZACIÓN
Ubicación ES-MaACL
Número de control de estantería 2126-F-23
Sublocalización o colección R.105006
Holdings
Estatus retirado Estado de pérdida Estado de daño No para préstamo Colección Biblioteca de origen Biblioteca actual Ubicación en estantería Fecha de adquisición Fuente de adquisición Total de préstamos Signatura topográfica completa Código de barras Visto por última vez Precio de reemplazo Tipo de ítem Koha
        Colección de folletos Biblioteca del Ateneo de Madrid Biblioteca del Ateneo de Madrid Depósito folletos 17/01/2008     2126-F-23 1151662 23/02/2023 23/02/2023 Folleto